Menja bé, tu hi guanyes! : guia de l'exposició : itinerància de petit format guia de l'exposició :
Publicado:
Barcelona :
Diputació de Barcelona. Àrea de Salut Pública i Consum. Servei de Salut Pública ,
2011
Descripción Física:
31 p. : il. col. ; 21 cm
MARC
| LEADER | 00000nam a2200000Ia 4500 | ||
|---|---|---|---|
| 001 | 23178 | ||
| 008 | 160829s2011 xx 000 0 cat d | ||
| 080 | |a FU-59-35 | ||
| 245 | |a Menja bé, tu hi guanyes! : |b guia de l'exposició : |b itinerància de petit format | ||
| 250 | |a 3a ed. | ||
| 260 | |a Barcelona : |b Diputació de Barcelona. Àrea de Salut Pública i Consum. Servei de Salut Pública, |c 2011 | ||
| 300 | |a 31 p. : |b il. col. ; |c 21 cm | ||
| 650 | |a Nutrició |x Educació infantil |x Exposicions |9 40012 | ||
| 650 | |a Infants |x Alimentació |x Exposicions |9 40013 | ||
| 650 | |a Dieta |x Educació infantil |x Exposicions |9 40014 | ||
| 710 | |a Barcelona (Catalunya : Província). |b Servei de Salut Pública |9 52202 | ||
| 901 | |a Arxiu | ||
| 942 | |n 1 | ||
| 952 | |0 0 |1 0 |4 0 |6 FU5935 |7 1 |9 49364 |a Arxiu |b Arxiu |d 2016-12-01 |l 0 |o FU-59-35 |p 23178 |r 2016-12-01 00:00:00 |w 2016-12-01 |y ARXIU | ||
| 999 | |c 53206 |d 53206 | ||